| 000 | 00000nam##2200000za#4500 |
| 001 | 9.693369 |
| 003 | CaOODSP |
| 005 | 20210624233632 |
| 007 | cr ||||||||||| |
| 008 | 150407|2010||||xxc|||||o f|0| 0 eng|d |
| 020 | |a978-1-100-15638-5 |
| 040 | |aCaOODSP|beng |
| 043 | |an-cn--- |
| 086 | 1 |aCP32-92/2-2010E-PDF |
| 110 | 1 |aCanada.|bPrivy Council. |
| 245 | 10|aCommission of Inquiry into Certain Allegations Respecting Business and Financial Dealings Between Karlheinz Schreiber and the Right Honourable Brian Mulroney - report / |h[electronic resource]|cThe Honourable Jeffrey J. Oliphant, Commissioner. |
| 260 | |aOttawa - Ontario : |bPrivy Council |cc2010. |
| 300 | |aIn two Adobe files (420p., 396p.)|bfigs., tables |
| 590 | |a10-22|b2010-06-04 |
| 775 | 08|tCommission d'enquête concernant les allégations au sujet des transactions financières et commerciales entre Karlheinz Schreiber et le Très Honorable Brian Mulroney - rapport / |w(CaOODSP)9.637544 |
| 776 | 0#|tCommission of Inquiry into Certain Allegations Respecting Business and Financial Dealings Between Karlheinz Schreiber and the Right Honourable Brian Mulroney - report / |w(CaOODSP)9.651974 |
| 856 | 40|ahttp://publications.gc.ca|qPDF|s14,785 KB|uhttps://publications.gc.ca/collections/collection_2010/bcp-pco/CP32-92-2-2010-2-eng.pdf |
| 856 | 40|ahttp://publications.gc.ca|qPDF|s4758 KB|uhttps://publications.gc.ca/collections/collection_2010/bcp-pco/CP32-92-2-2010-1-eng.pdf |